000 00632nam a2200193Ia 4500
003 GCL
008 140319s9999 xx 000 0 ara d
040 _aGCL /
_cGCL
082 0 4 _a810.8
_bا ن
100 1 _aادوار سامى سبانخ
245 1 0 _aنجيب الحداد المترجم المسرحى /
_cادوار سامى سبانخ
260 _a[S.N] :
_bالمنظمة الاسلامية للتربية والعلوم والثقافة ،
_c1976
300 _a255 ص
490 _a
650 0 4 _aالادب العربى
650 0 4 _aالادباء العرب
650 0 4 _aنجيب الحداد
942 _2ddc
_cBK
999 _c27561
_d27561